| 000 | 00416nam a2200157 i 4500 | ||
|---|---|---|---|
| 001 | 37389 | ||
| 003 | ES-MaACL | ||
| 005 | 20230906155551.0 | ||
| 007 | t| | ||
| 008 | 030221s1971 sp ||||1| spa d | ||
| 100 | 1 |
_aBuesa, José Angel. _932425 |
|
| 245 | 1 | 0 |
_aHorario del viento / _cJosé Angel Buesa. |
| 260 |
_aMiami : _bUniversal, _c[1971] |
||
| 300 |
_a139 p. ; _c17 cm. |
||
| 852 |
_aES-MaACL _jC-44951 _bR.80659 |
||
| 999 |
_c37389 _d37389 |
||